000 005880000a22001810004500
003 MACL
005 20160407170904.0
008 160407b xxu||||| |||| 00| 0 eng d
040 _aMACL
_cMACL
041 _aHindi
082 _a530
100 _aदत्‍ता अश्‍वनी
_951153
245 _aसापेक्षिकता सिद्धान्‍त की कहानी
260 _bएजूकेशनल सप्‍लायर्स
_c2001
_aनई दिल्‍ली
350 _a530.11
650 _aPhysics
_951154
942 _cHIN
_k530
_2ddc
999 _c10037
_d10037